01003 2200301 4500001002100000005001500021035002000036007000300056008004100059020002200100040002200122082002000144084002200164090002200186100003500208245015700243300003800400650002900438700002700467850001200494264004300506336002100549337003000570338002300600999002200623250003400645990002200679INLIS00000000087809620230418113917 a0010-0423000396ta230418s2022 yoi g | ind d a978-623-5472-19-5 aYOPDYOGbinderda04223a306.0959839 a306.0959839 YUD m aCB-D.11 2022-31570 aYudan Frans Rining,ePengarang10aMengenal budaya Dayak Lengilu di dataran tinggi Borneo :bnilai-nilai lokal, kebudayaan, alat-alat, seni, dan folklor /cYudan Frans Rining, Lio Bijumes ax, 155 halaman :bgambar ;c23 cm 4aKebudayaan Dayak Lengilu0 aLio BijumesePengarang aYOPDYOG31aSleman :bBintang Semesta Media,c2022 2rdacontentateks 2rdamediaatanpa perantara 2rdacarrieravolume aCB-D.11/2022-3157 aCetakan Pertama, Agustus 2022 aCB-D.11/2022-3157